| 000 | 00000nam##2200000za#4500 |
| 001 | 9.596746 |
| 003 | CaOODSP |
| 005 | 20250403105110 |
| 007 | cr ||||||||||| |
| 008 | 150406|2008||||xxc|||||o f|0| 0 fre|d |
| 020 | |a978-1-100-90238-8 |
| 022 | |a1496-4570 |
| 040 | |aCaOODSP|bfre |
| 043 | |an-cn--- |
| 086 | 1 |aCS85-0033/19-2008F-PDF |
| 245 | 00|aLes agressions sexuelles au Canada, 2004 et 2007 / |h[ressource électronique]|cpar Shannon Brennan et Andrea Taylor-Butts. |
| 260 | |aOttawa - Ontario : |bStatistique Canada |cDécembre 2008. |
| 300 | |a21p.|bgraphiques, tableaux, index |
| 490 | 1 |aSérie de profils du Centre canadien de la statistique juridique|x1496-4570|vN° 19 |
| 504 | |aBibliographie. |
| 590 | |a08-50|b2008-12-12 |
| 590 | |a13-08-Supp|b2013-04-02 |
| 691 | 07|aCrime sexuel|2gcpds |
| 710 | 2 |aStatistique Canada. |
| 775 | 08|tSexual assault in Canada 2004 and 2007 / |w(CaOODSP)9.565104 |
| 830 | #0|aSérie de profils du Centre canadien de la statistique juridique,|x1496-4570|vN° 19|w(CaOODSP)9.500852 |
| 856 | 40|ahttp://publications.gc.ca|qPDF|s535 Ko|uhttps://publications.gc.ca/collections/collection_2008/statcan/85F0033M/85f0033m2008019-fra.pdf|yN° 19 |